1842 1835 1197 1446 1060 1963 1948 1693 1620 1365 1295 1099 1710 1076 1629 1180 1435 1075 1321 1124 1747 1523 1478 1615 1031 1858 1988 1799 1619 1639 1175 1720 1834 1244 1316 1535 1455 1757 1273 1031 1353 1631 1847 1037 1304 1713 1494 1091 1226 1482 1704 1605 1075 1090 1734 1654 1010 1427 1714 1322 1140 1499 1467 1963 1926 1236 1463 1787 1203 1888 2000 1023 1826 1867 1916 1558 1223 1690 1647 1384 1097 1201 1461 1098 1867 1602 1527 1876 1076 1892 1932 1046 1506 1845 1388 1726 1849 1045 1917 BCNSPRNW ULIB Ver.6.0+V

เปลี่ยนเป็นภาษาไทย

Change to English
 แสดงรายละเอียดบรรณานุกรม
  กลับหน้าหลัก

Brief Record : Get Marc (ISO 2709) : E-mail record : QR code < ปิดหน้าต่าง
LEADER : 00000nam 2200000uu 4500
001    13399122261
003     ULIB
008    130121s2554||||th 000 0 tha d
020    ^a9786167619002
050  4 ^aPN4129^bส258พ
100 0  ^aสมบูรณ์ นิยมศิลป์
245 10 ^aพูดอย่างไรให้สะกดใจคน /^cสมบูรณ์ นิยมศิลป์
250    ^aพิมพ์ครั้งที่ 1
260    ^aกรุงเทพฯ :^bอักษรเงินดี,^c2554
300    ^a336 หน้า ;^c21 ซม.
650  4 ^aการพูด
650  4 ^aการพูดในชุมนุมชน
650  4 ^aวาทศิลป์
945    ^p220^l0^i19768
995    ^aทศพร
999    ^aทศพร เกษรทอง
รายการนี้ยังไม่มีแท็ก
คุณยังไม่ได้ล็อกอิน คุณสามารถมีกิจกรรมร่วมกับเว็บไซต์ได้ แต่ต้องล็อกอินก่อน ::
  ล็อกอิน

รายการสื่อสารสนเทศ

ลำดับที่ ประเภท เลขเรียก/บาร์โค้ด สถานที่ สถานะ
1. การศึกษาทั่วไป
การศึกษาทั่วไป
PN4129 ส258พ ฉ.1 
  Barcode: 19768
ห้องสมุดวิทยาเขตสวรรค์ประชารักษ์
►หนังสือทั่วไป
บนชั้น

รายการใกล้เคียง
    ผู้แต่ง [สมบูรณ์ นิยมศิลป์]

    หัวเรื่อง [การพูด]
    หัวเรื่อง [การพูดในชุมนุมชน]
    หัวเรื่อง [วาทศิลป์]

BibComment


ยังไม่เคยถูกคอมเมนท์

คอมเมนท์ทรัพยากรรายการนี้
  คอมเมนท์: พูดอย่างไรให้สะก..


 Copyright 2026. Bcnsprnw @Library